Next, the coming era in science
A collection of nine provocative essays assessing science and technology as they will most certainly develop into the 21st century. Written mostly by science writers and journalists, these essays probe a variety of issues, including artificial intelligence, supercomputers, the "biochip," t...
Wedi'i Gadw mewn:
| Prif Awdur: | |
|---|---|
| Fformat: | Llyfr |
| Iaith: | Undetermined |
| Cyhoeddwyd: |
Boston
Little
1988
|
| Pynciau: | |
| Tagiau: |
Ychwanegu Tag
Dim Tagiau, Byddwch y cyntaf i dagio'r cofnod hwn!
|
| Thư viện lưu trữ: | Trung tâm Học liệu Trường Đại học Cần Thơ |
|---|
| LEADER | 00998nam a2200193Ia 4500 | ||
|---|---|---|---|
| 001 | CTU_97918 | ||
| 008 | 210402s9999 xx 000 0 und d | ||
| 082 | |a 600 | ||
| 082 | |b N747 | ||
| 100 | |a Noble, Holcomb B. | ||
| 245 | 0 | |a Next, the coming era in science | |
| 245 | 0 | |c Holcomb B. Noble | |
| 260 | |a Boston | ||
| 260 | |b Little | ||
| 260 | |c 1988 | ||
| 520 | |a A collection of nine provocative essays assessing science and technology as they will most certainly develop into the 21st century. Written mostly by science writers and journalists, these essays probe a variety of issues, including artificial intelligence, supercomputers, the "biochip," telecommunications, manmade satellites, space exploration, and cosmology. Not highly speculative fantasies of a distant future, the essays are instead reliable in detail, intelligently written, and directed to the lay reader. | ||
| 650 | |a Science,Technology | ||
| 904 | |i Hiếu | ||
| 980 | |a Trung tâm Học liệu Trường Đại học Cần Thơ | ||